Fear and Trembling and the book on Adler

Enregistré dans:
Détails bibliographiques
Auteur principal: SOREN KIERKEGAARD
Format: Livre
Langue:Undetermined
Publié: London Everyman's Library 1994
Sujets:
Tags: Ajouter un tag
Pas de tags, Soyez le premier à ajouter un tag!
Thư viện lưu trữ: Trung tâm Học liệu Trường Đại học Cần Thơ
LEADER 00474nam a2200169Ia 4500
001 CTU_47277
008 210402s9999 xx 000 0 und d
082 |a 833 
082 |b K47 
100 |a SOREN KIERKEGAARD 
245 0 |a Fear and Trembling and the book on Adler 
245 0 |c SOREN KIERKEGAARD, Walter Lowrie 
260 |a London 
260 |b Everyman's Library 
260 |c 1994 
650 |a german fiction 
980 |a Trung tâm Học liệu Trường Đại học Cần Thơ